Prof. G Ram Reddy Library

Mutata asnafe adab (Record no. 144)

MARC details
000 -LEADER
fixed length control field 00474nam a2200181Ia 4500
003 - CONTROL NUMBER IDENTIFIER
control field LDD
008 - FIXED-LENGTH DATA ELEMENTS--GENERAL INFORMATION
fixed length control field 181101s9999 xx 000 0 und d
020 ## - INTERNATIONAL STANDARD BOOK NUMBER
Terms of availability 300.00
040 ## - CATALOGING SOURCE
Transcribing agency LDD
100 ## - MAIN ENTRY--PERSONAL NAME
Personal name Faisal,Shah
245 #0 - TITLE STATEMENT
Title Mutata asnafe adab
Statement of responsibility, etc. Shah Faisal
260 ## - PUBLICATION, DISTRIBUTION, ETC.
Place of publication, distribution, etc. Delhi
Name of publisher, distributor, etc. Kitabi Duniya
Date of publication, distribution, etc. 2010
300 ## - PHYSICAL DESCRIPTION
Extent 360p. vol-
901 ## - LOCAL DATA ELEMENT A, LDA (RLIN)
a 15920
b 17-03-2017
902 ## - LOCAL DATA ELEMENT B, LDB (RLIN)
a 2840
b 17-03-2017
c F
d PIBD
e 8U
903 ## - LOCAL DATA ELEMENT C, LDC (RLIN)
a 20
b Reqst by : Moh. Akbar
942 ## - ADDED ENTRY ELEMENTS (KOHA)
Source of classification or shelving scheme Dewey Decimal Classification
Koha item type Urdu Books
Holdings
Withdrawn status Lost status Source of classification or shelving scheme Materials specified (bound volume or other part) Damaged status Not for loan Home library Current library Cost, normal purchase price Total Checkouts Full call number Barcode Date last seen Date last checked out Cost, replacement price Price effective from Koha item type
No   Dewey Decimal Classification vol1     Library and Documentation Division Library and Documentation Division 300.00 1 8U1.009 F17M UR000105 05/19/2023 05/02/2023 300.00 11/01/2018 Urdu Books

© Prof. G Ram Reddy Centre Library, Indira Gandhi National Open University, Maidan Garhi, New Delhi, 110068
+91-011-29532797 | FAX+91-011-29533393 |